Small business management (Record no. 57571)

MARC details
000 -LEADER
fixed length control field 00781nam a2200217 a 4500
008 - FIXED-LENGTH DATA ELEMENTS--GENERAL INFORMATION
fixed length control field 120416s1991 ||||||||||||||||| || u
020 ## - INTERNATIONAL STANDARD BOOK NUMBER
International Standard Book Number 053880789x
050 ## - LIBRARY OF CONGRESS CALL NUMBER
Classification number HD 62.7 Lon
100 ## - MAIN ENTRY--PERSONAL NAME
Personal name Moore, Carlos W
245 10 - TITLE STATEMENT
Title Small business management
246 ## - VARYING FORM OF TITLE
Title proper/short title an entrepreneurial emphasis
250 ## - EDITION STATEMENT
Edition statement 8th ed.
260 ## - PUBLICATION, DISTRIBUTION, ETC.
Place of publication, distribution, etc. Cincinnati
Name of publisher, distributor, etc. College Division, South-Western Pub
Date of publication, distribution, etc. 1991
300 ## - PHYSICAL DESCRIPTION
Extent xil, 828p. in various pag : ill.
350 ## - PRICE (NR) (BK AM CF MU VM SE) [OBSOLETE]
Price 0.00
500 ## - GENERAL NOTE
General note Includes bibliographical references and index.
650 #0 - SUBJECT ADDED ENTRY--TOPICAL TERM
Topical term or geographic name entry element BUSINESS
650 ## - SUBJECT ADDED ENTRY--TOPICAL TERM
Topical term or geographic name entry element SMALL BUSINESS--MANAGEMENT
700 ## - ADDED ENTRY--PERSONAL NAME
Personal name Longenecker, Justin Gooderl, 1917-
995 ## - RECOMMENDATION 995 [LOCAL, UNIMARC FRANCE]
-- 0.00
-- CBU-MAIN LIBRARY (Kitwe)
-- 1
-- 25.75
-- 1
-- DAMAGED
-- Main Library Open Access Collection
Holdings
Withdrawn status Lost status Source of classification or shelving scheme Damaged status Not for loan Home library Current library Shelving location Date acquired Total Checkouts Full call number Barcode Date last seen Price effective from Koha item type
          CBU-MAIN LIBRARY, KITWE. CBU-MAIN LIBRARY, KITWE.   11/30/2022   HD 62.7 Lon 020348 11/30/2022 11/30/2022 MONOGRAPH